| 000 | 00926nas a2200313 4500 | ||
|---|---|---|---|
| 001 | BR2014004828 | ||
| 003 | BR-BrBNA | ||
| 005 | 20231205124336.0 | ||
| 007 | ta | ||
| 008 | 230509b bl.|||p| |||| 00| 00por d | ||
| 040 |
_aBR-BrBNA _bpor _cBiblioteca Nacional de Agricultura |
||
| 041 | _a(En) | ||
| 072 | _aH60 | ||
| 100 | 1 | _aSantos, F.M. | |
| 100 | 1 | _aVargas, L. | |
| 100 | 1 | _aChristoffoleti, P.J. | |
| 100 | 1 | _aAgostinetto, D. | |
| 100 | 1 | _aMariani, F. | |
| 100 | 1 | _aDal Magro, T. | |
| 245 | 1 | _aDifferential susceptibility of biotypes of Conyza sumatrensis to Chlorimuron-Ethyl herbicide | |
| 650 | _aSOJA | ||
| 650 | _aERVA DANINHA | ||
| 650 | _aHERBICIDA | ||
| 650 | _aINFESTAÇÃO | ||
| 650 | _aRESISTÊNCIA A PRODUTOS QUÍMICOS | ||
| 773 | 0 |
_tPlanta Daninha (Brazil) _xISSN 0100-8358 _g(2014), v. 32(2) p. 427-435 _wBR2014004828 |
|
| 909 |
_a202311 _bLúcia _c55 _dLúcia Elande |
||
| 942 |
_2AGRIS _n0 _cANA |
||
| 999 |
_c238579 _d238579 |
||